<?xml version="1.0" encoding="UTF-8"?>
<record
    xmlns:xsi="http://www.w3.org/2001/XMLSchema-instance"
    xsi:schemaLocation="http://www.loc.gov/MARC21/slim http://www.loc.gov/standards/marcxml/schema/MARC21slim.xsd"
    xmlns="http://www.loc.gov/MARC21/slim">

  <leader>01640nam a22003014aa4500</leader>
  <controlfield tag="003">BOFEUTO</controlfield>
  <controlfield tag="005">20260626103131.0</controlfield>
  <controlfield tag="008">260611t2025    bo     gr     000 f spa d</controlfield>
  <datafield tag="040" ind1=" " ind2=" ">
    <subfield code="6">BOFEUTO</subfield>
    <subfield code="a">BOFEUTO</subfield>
    <subfield code="c">BOFEUTO</subfield>
  </datafield>
  <datafield tag="041" ind1=" " ind2=" ">
    <subfield code="a">spa</subfield>
  </datafield>
  <datafield tag="044" ind1=" " ind2=" ">
    <subfield code="a">bo</subfield>
  </datafield>
  <datafield tag="082" ind1=" " ind2=" ">
    <subfield code="a">TE6322</subfield>
    <subfield code="b">Ag282m</subfield>
  </datafield>
  <datafield tag="100" ind1=" " ind2=" ">
    <subfield code="a">Aguilar Rodr&#xED;guez, Daniela Maite</subfield>
    <subfield code="e">autor</subfield>
  </datafield>
  <datafield tag="245" ind1=" " ind2=" ">
    <subfield code="a">Modelo probabil&#xED;stico para optimizar inventarios en la Empresa Nuevo Milenio S.R.L. de la ciudad de Oruro /</subfield>
    <subfield code="c">Daniela Maite Aguilar Rodr&#xED;guez, Joshua Alfredo Bellot S&#xE1;enz</subfield>
  </datafield>
  <datafield tag="260" ind1=" " ind2=" ">
    <subfield code="a">Oruro :</subfield>
    <subfield code="b">s/n,</subfield>
    <subfield code="c">2025.</subfield>
  </datafield>
  <datafield tag="300" ind1=" " ind2=" ">
    <subfield code="a">116 hojas ;</subfield>
    <subfield code="b">ilus. gr&#xE1;f. ;</subfield>
    <subfield code="c">28.5 cm.</subfield>
  </datafield>
  <datafield tag="500" ind1=" " ind2=" ">
    <subfield code="a">Incluye bibliograf&#xED;a, anexos.</subfield>
  </datafield>
  <datafield tag="502" ind1=" " ind2=" ">
    <subfield code="a">Trabajo Dirigido, (Licenciatura) -- Universidad T&#xE9;cnica de Oruro, Facultad de Ciencias Econ&#xF3;micas, Financieras y Administrativas, Carrera Ingenier&#xED;a Comercial, 2025.</subfield>
  </datafield>
  <datafield tag="520" ind1=" " ind2=" ">
    <subfield code="a">La optimizaci&#xF3;n de inventarios es una estrategia que las empresa utilizan para controlar y gestionar los niveles de existencia, desde la fabricaci&#xF3;n hasta la venta. El objetivo es tener los productos correctos en el momento adecuado y en el lugar adecuado, para satisfacer la demanda de los clientes y minimizar los costos, es por este motivo que el presente trabajo presenta como objetivo  general determinar cu&#xE1;les son las variables que inciden en la optimizaci&#xF3;n de inventarios en la empresa Nuevo Milenio de la ciudad de Oruro, gesti&#xF3;n 2024.</subfield>
  </datafield>
  <datafield tag="650" ind1=" " ind2=" ">
    <subfield code="a">Optimizaci&#xF3;n</subfield>
  </datafield>
  <datafield tag="653" ind1=" " ind2=" ">
    <subfield code="a">Ventas</subfield>
  </datafield>
  <datafield tag="653" ind1=" " ind2=" ">
    <subfield code="a">Optimizaci&#xF3;n</subfield>
  </datafield>
  <datafield tag="653" ind1=" " ind2=" ">
    <subfield code="a">Inventario</subfield>
  </datafield>
  <datafield tag="653" ind1=" " ind2=" ">
    <subfield code="a">Stock</subfield>
  </datafield>
  <datafield tag="653" ind1=" " ind2=" ">
    <subfield code="a">Costos</subfield>
  </datafield>
  <datafield tag="700" ind1=" " ind2=" ">
    <subfield code="a">Bellot S&#xE1;enz, Joshua Alfredo</subfield>
    <subfield code="e">tutor</subfield>
  </datafield>
  <datafield tag="942" ind1=" " ind2=" ">
    <subfield code="2">ddc</subfield>
    <subfield code="c">TE</subfield>
    <subfield code="n">0</subfield>
  </datafield>
  <datafield tag="999" ind1=" " ind2=" ">
    <subfield code="c">16180</subfield>
    <subfield code="d">16180</subfield>
  </datafield>
  <datafield tag="952" ind1=" " ind2=" ">
    <subfield code="0">0</subfield>
    <subfield code="1">0</subfield>
    <subfield code="2">ddc</subfield>
    <subfield code="4">0</subfield>
    <subfield code="7">0</subfield>
    <subfield code="a">UTO</subfield>
    <subfield code="b">UTO</subfield>
    <subfield code="c">4</subfield>
    <subfield code="d">2026-06-11</subfield>
    <subfield code="i">6322</subfield>
    <subfield code="l">0</subfield>
    <subfield code="o">TE6322/Ag282m</subfield>
    <subfield code="p">TE6322</subfield>
    <subfield code="r">2026-06-26 10:32:44</subfield>
    <subfield code="t">Ej.1</subfield>
    <subfield code="w">2026-06-26</subfield>
    <subfield code="y">TE</subfield>
  </datafield>
</record>
